000 00722nam a2200265Ia 4500
003 OSt
005 20220918204903.0
006 a|||||r|||| 00| 0
007 ta
008 220917b |||||||| |||| 00| 0 eng d
024 _a114,539
037 _cTextual
040 _aARTS
_cARTS
_beng
041 _2eng
_aeng
082 _aV56:19(zM).N45<-N14, M4
100 _aBeloff Max
245 0 _aWars and welfare
_b Britain 1914-1945
260 _aAustralia
_bEdward Arnold
_c1984
300 _a281p.
_ccm.
490 _aNew History of England
500 _aBibliography p271-272
650 _aHISTORY
942 _hV56:19(zM).N45<-N14, M4
_cTEXL
_2CC
999 _c237869
_d237869